LEADER 00770nam0 2200277 450 001 9911071027103321 005 20260326163658.0 010 $a9788869833588 100 $a20260326d2023----km y0itay50 ba 101 0 $aita 102 $aIT 105 $ay 001yy 200 1 $aFilosofia di Stranger Things$fSelena Pastorino 210 $aGenova$cIl melangolo$d2023 215 $a181 p.$d16 cm 225 1 $anugae$v320 610 0 $aTrasmissioni televisive$aAspetti filosofici 676 $a791.4572$v22$zita 700 1$aPastorino,$bSelena$0754612 801 0$aIT$bUNINA$gREICAT$2UNIMARC 901 $aBK 912 $a9911071027103321 952 $a791.4572 PAS 1$b13790$fBFS 959 $aBFS 996 $aFilosofia di Stranger Things$94554696 997 $aUNINA